<?xml version="1.0" encoding="UTF-8"?>
<record
    xmlns:xsi="http://www.w3.org/2001/XMLSchema-instance"
    xsi:schemaLocation="http://www.loc.gov/MARC21/slim http://www.loc.gov/standards/marcxml/schema/MARC21slim.xsd"
    xmlns="http://www.loc.gov/MARC21/slim">

  <leader>02112cam a22005177a 4500</leader>
  <controlfield tag="001">14875437</controlfield>
  <controlfield tag="005">20220326193331.0</controlfield>
  <controlfield tag="008">070531s2006    cr a          000 0 spa  </controlfield>
  <datafield tag="010" ind1=" " ind2=" ">
    <subfield code="a">  2007469177</subfield>
  </datafield>
  <datafield tag="020" ind1=" " ind2=" ">
    <subfield code="a">9968834815</subfield>
  </datafield>
  <datafield tag="040" ind1=" " ind2=" ">
    <subfield code="a">DLC</subfield>
    <subfield code="c">DLC</subfield>
    <subfield code="d">DLC</subfield>
  </datafield>
  <datafield tag="082" ind1=" " ind2=" ">
    <subfield code="a">770</subfield>
    <subfield code="b">T557t</subfield>
  </datafield>
  <datafield tag="110" ind1=" " ind2=" ">
    <subfield code="a">Ediciones Perro Azul</subfield>
    <subfield code="9">3189</subfield>
  </datafield>
  <datafield tag="245" ind1="0" ind2="0">
    <subfield code="a">Ticos en Chepe :</subfield>
    <subfield code="b">una mirada de j&#xF3;venes josefinos hacia su entorno cotidiano /</subfield>
    <subfield code="c">[Patricia Arias; Ligia Porras; Alfredo Obando; Pamela Guevara; Scarlen Zamora; Andrea Zamora; Nelson Ocampo; Vladimir Alvarez; V&#xED;ctor Salas; Miguel Sala; Randall Tencio; Andrea Herrera Barboza; Erick Ruiz; Dylan Ruiz; Reyner Villalobos; Kimberly Badilla; Josu&#xE9; Valverde; Jocelyn Calvo; Karla Benavides; Johnny Ram&#xED;rez; Andrea Morales; Geovanna Salgado; Joselyn Alvarez].</subfield>
  </datafield>
  <datafield tag="250" ind1=" " ind2=" ">
    <subfield code="a">1. ed.</subfield>
  </datafield>
  <datafield tag="260" ind1=" " ind2=" ">
    <subfield code="a">San Jos&#xE9;, Costa Rica :</subfield>
    <subfield code="b">Ediciones Perro Azul,</subfield>
    <subfield code="c">2006.</subfield>
  </datafield>
  <datafield tag="300" ind1=" " ind2=" ">
    <subfield code="a">110 p. :</subfield>
    <subfield code="b">ill. ;</subfield>
    <subfield code="c">19 cm.</subfield>
  </datafield>
  <datafield tag="650" ind1=" " ind2=" ">
    <subfield code="9">3213</subfield>
    <subfield code="a">Fotograf&#xED;a</subfield>
    <subfield code="z">San Jos&#xE9;, Costa Rica</subfield>
    <subfield code="y">Siglo 21</subfield>
  </datafield>
  <datafield tag="650" ind1=" " ind2=" ">
    <subfield code="9">3214</subfield>
    <subfield code="a">Freelance photography</subfield>
    <subfield code="z">San Jos&#xE9;, Costa Rica</subfield>
  </datafield>
  <datafield tag="650" ind1=" " ind2=" ">
    <subfield code="9">3215</subfield>
    <subfield code="a">Pictorial works</subfield>
    <subfield code="z">San Jos&#xE9;, Costa Rica</subfield>
  </datafield>
  <datafield tag="700" ind1="1" ind2=" ">
    <subfield code="a">Arias, Patricia.</subfield>
    <subfield code="9">3190</subfield>
  </datafield>
  <datafield tag="700" ind1="1" ind2=" ">
    <subfield code="a">Porras, Ligia</subfield>
    <subfield code="9">3191</subfield>
  </datafield>
  <datafield tag="700" ind1="1" ind2=" ">
    <subfield code="a">Obando, Alfredo</subfield>
    <subfield code="9">3192</subfield>
  </datafield>
  <datafield tag="700" ind1="1" ind2=" ">
    <subfield code="a">Guevara, Pamela</subfield>
    <subfield code="9">3193</subfield>
  </datafield>
  <datafield tag="700" ind1="1" ind2=" ">
    <subfield code="a">Zamora, Scarlen</subfield>
    <subfield code="9">3194</subfield>
  </datafield>
  <datafield tag="700" ind1="1" ind2=" ">
    <subfield code="a">Zamora, Andrea</subfield>
    <subfield code="9">3195</subfield>
  </datafield>
  <datafield tag="700" ind1="1" ind2=" ">
    <subfield code="a">Ocampo, Nelson</subfield>
    <subfield code="9">3196</subfield>
  </datafield>
  <datafield tag="700" ind1="1" ind2=" ">
    <subfield code="a">Alvarez, Vladimir</subfield>
    <subfield code="9">3197</subfield>
  </datafield>
  <datafield tag="700" ind1="1" ind2=" ">
    <subfield code="a">Salas, V&#xED;ctor</subfield>
    <subfield code="9">3198</subfield>
  </datafield>
  <datafield tag="700" ind1="1" ind2=" ">
    <subfield code="a">Sala, Miguel</subfield>
    <subfield code="9">3199</subfield>
  </datafield>
  <datafield tag="700" ind1="1" ind2=" ">
    <subfield code="a">Tencio, Randall</subfield>
    <subfield code="9">3200</subfield>
  </datafield>
  <datafield tag="700" ind1="1" ind2=" ">
    <subfield code="a">Herrera Barboza, Andrea</subfield>
    <subfield code="9">3201</subfield>
  </datafield>
  <datafield tag="700" ind1="1" ind2=" ">
    <subfield code="a">Ruiz, Erick</subfield>
    <subfield code="9">3202</subfield>
  </datafield>
  <datafield tag="700" ind1="1" ind2=" ">
    <subfield code="a">Ruiz, Dylan</subfield>
    <subfield code="9">3203</subfield>
  </datafield>
  <datafield tag="700" ind1="1" ind2=" ">
    <subfield code="a">Villalobos, Reyner</subfield>
    <subfield code="9">3204</subfield>
  </datafield>
  <datafield tag="700" ind1="1" ind2=" ">
    <subfield code="a">Badilla, Kimberly</subfield>
    <subfield code="9">3205</subfield>
  </datafield>
  <datafield tag="700" ind1="1" ind2=" ">
    <subfield code="a">Valverde, Josu&#xE9;</subfield>
    <subfield code="9">3206</subfield>
  </datafield>
  <datafield tag="700" ind1="1" ind2=" ">
    <subfield code="a">Calvo, Jocelyn</subfield>
    <subfield code="9">3207</subfield>
  </datafield>
  <datafield tag="700" ind1="1" ind2=" ">
    <subfield code="a">Benavides, Karla</subfield>
    <subfield code="9">3208</subfield>
  </datafield>
  <datafield tag="700" ind1="1" ind2=" ">
    <subfield code="a">Ram&#xED;rez, Johnny</subfield>
    <subfield code="9">3209</subfield>
  </datafield>
  <datafield tag="700" ind1="1" ind2=" ">
    <subfield code="a">Morales, Andrea</subfield>
    <subfield code="9">3210</subfield>
  </datafield>
  <datafield tag="700" ind1="1" ind2=" ">
    <subfield code="a">Salgado, Geovanna</subfield>
    <subfield code="9">3211</subfield>
  </datafield>
  <datafield tag="700" ind1="1" ind2=" ">
    <subfield code="a">Alvarez, Joselyn</subfield>
    <subfield code="9">3212</subfield>
  </datafield>
  <datafield tag="906" ind1=" " ind2=" ">
    <subfield code="a">7</subfield>
    <subfield code="b">cbc</subfield>
    <subfield code="c">origres</subfield>
    <subfield code="d">4</subfield>
    <subfield code="e">ncip</subfield>
    <subfield code="f">20</subfield>
    <subfield code="g">y-gencatlg</subfield>
  </datafield>
  <datafield tag="999" ind1=" " ind2=" ">
    <subfield code="c">709</subfield>
    <subfield code="d">709</subfield>
  </datafield>
  <datafield tag="952" ind1=" " ind2=" ">
    <subfield code="0">0</subfield>
    <subfield code="1">0</subfield>
    <subfield code="2">ddc</subfield>
    <subfield code="4">0</subfield>
    <subfield code="7">0</subfield>
    <subfield code="a">LV</subfield>
    <subfield code="b">LV</subfield>
    <subfield code="c">Colectivas</subfield>
    <subfield code="d">2015-08-04</subfield>
    <subfield code="l">0</subfield>
    <subfield code="o">770 T557t</subfield>
    <subfield code="p">004091</subfield>
    <subfield code="r">2015-08-04 00:00:00</subfield>
    <subfield code="w">2015-08-04</subfield>
    <subfield code="y">01</subfield>
  </datafield>
</record>
